000 00437nam a2200169Ia 4500
008 210210b1989 xxu||||| |||| 00| 0 eng d
020 _a0 471 61273 1
082 _a530 BREI
100 _aBREHM (John J)
245 _aIntroduction to the structure of matter.
260 _aNY
_bJohn Wiley and Sons
_c1989
300 _a912,I-12
650 _aStructure matter
690 _aPhysics
700 _aMULLIN (William J).
906 _a046929
999 _c96319
_d96319